000 00596nam a2200181 i 4500
001 43298
003 ES-MaACL
005 20230906160752.0
007 t|
008 030317s1913 it ||||1| ita d
100 1 _aCatalina de Siena
_cSanta.
_937040
245 1 3 _aLe lettere de S. Caterina da Siena /
_cSanta Catalina de Siena ; con note de Niccolo Tommaseo ; a cura di Piero Miscialtelli.
260 _aSiena :
_b[s.n.,
_c1913] (
_fTip. Sociale)
300 _a6 v. ;
_c22 cm.
700 1 _aTommaseo, Niccolo.
_9110560
700 1 _aMiscialtelli, Piero.
_981641
852 _aES-MaACL
_jF-1867-72
999 _c43298
_d43298